000 00752nam a2200265Ia 4500
003 OSt
005 20260114144344.0
008 210210b2009 xxu||||| |||| 00| 0 eng d
040 _cAL
041 _aKannada
082 _aK894.3 JANR
100 _aJANAKI BRAHMAVARA (M)
_dಜಾನಕಿ ಎಂ. ಬ್ರಹ್ಮಾವರ
_9251241
245 _aRukku
_bರುಕ್ಕು
260 _aMaisUru
_bYadukula Prakashana
_c2009
300 _axviii,160
650 _aTr
_9251242
650 _aRukku
_9251243
650 _akuDla
_9251244
650 _akEshava
_9251245
650 _aby
_9251246
690 _aKannada Fiction
_9251247
700 _aKeshava kudla
_d ಕೇಶವ ಕುಡ್ಲ tr
_9251248
906 _a064692
942 _2ddc
_cBK
999 _c145867
_d145867